| 000 | 01091nam a2200205Ia 4500 | ||
|---|---|---|---|
| 008 | 220216s9999 xx 000 0 und d | ||
| 100 | _aHuang Mao-Fang | ||
| 245 | 0 | _aPreparation and properties of de-proteinized natural rubber latex | |
| 260 | _bProceedings of IRRDB Symposium 1999, Hainan, Peoples Republic of China. pp.423-428. | ||
| 520 | _aThe preparation, properties and the variations of properties during the natural storage and application of De-Proteinized Natural Rubber Latex (DPNRL) were studied. The results showed that the preparing conditions are affected by the enzyme dosage, and the incubating time and temperature. The physical and film forming properties of DPNRL prepared are good, whereas the mechanical stability time (MST) and heat stability time (HST) are low and are needed be raised by the addition of stabilizer. | ||
| 650 | _aDe-proteinization | ||
| 650 | _aNatural rubber latex | ||
| 650 | _aProperties | ||
| 700 | _aChen Xiao-Guang | ||
| 700 | _aChen Ying | ||
| 700 | _aWang Gui-An | ||
| 700 | _aXu Kui | ||
| 700 | _aYuan Xiao-Long | ||
| 942 | _cJS | ||
| 999 |
_c65562 _d65562 |
||